[Event "Ischia op"]
[Site "Ischia"]
[Date "2010.??.??"]
[Round "1"]
[White "Caprio, Guido"]
[Black "Graziani, Sergio"]
[Result "1-0"]
[WhiteElo "2250"]
[BlackElo "1915"]
[PlyCount "111"]
[EventDate "2010.02.??"]
[EventType "swiss"]
[EventRounds "9"]
[EventCountry "ITA"]
[SourceTitle "EXT 2012"]
[Source "ChessBase"]
[SourceDate "2011.11.24"]
[SourceVersion "1"]
[SourceVersionDate "2011.11.24"]
[SourceQuality "1"]

1. d4 Nf6 2. c4 e6 3. g3 d5 4. Nf3 c6 5. Bg2 Bd6 6. Qc2 Nbd7 7. 0-0 h6 8. Nbd2 0-0 9. e4 dxe4 10. Nxe4 Nxe4 11. Qxe4 Nf6 12. Qe2 c5 13. dxc5 Bxc5 14. b3 Qe7 15. Bb2 Rd8 16. Ne5 Bd4 17. Bxd4 Rxd4 18. Rad1 Rxd1 19. Rxd1 Rb8 20. Qd2 Kf8 21. Qa5 b6 22. Qa4 Qc7 23. Nc6 Bd7 24. Qb4+ Kg8 25. Nxb8 Qxb8 26. Qd6 Qxd6 27. Rxd6 Kf8 28. b4 Ke7 29. c5 Ne8 30. Rd4 bxc5 31. bxc5 Nc7 32. Bb7 e5 33. Re4 Kf6 34. f4 exf4 35. Rxf4+ Ke7 36. c6 Be6 37. Ra4 Nb5 38. Ra5 Nc7 39. Rxa7 Kd6 40. Kf2 h5 41. Ra3 Kc5 42. Ra5+ Kd6 43. a4 g6 44. Ke3 f6 45. Kd4 Bd5 46. Rb5 Nxb5+ 47. axb5 g5 48. Ba8 Bf7 49. b6 f5 50. c7 Be6 51. Bb7 f4 52. gxf4 gxf4 53. h4 f3 54. Bxf3 Bc8 55. Bd5 Bd7 56. Ke4 1-0

[Event "Ischia op"]
[Site "Ischia"]
[Date "2010.??.??"]
[Round "6"]
[White "Graziani, Sergio"]
[Black "Basso, Pier Luigi"]
[Result "1-0"]
[WhiteElo "1915"]
[BlackElo "1685"]
[PlyCount "69"]
[EventDate "2010.02.??"]
[EventType "swiss"]
[EventRounds "9"]
[EventCountry "ITA"]
[SourceTitle "EXT 2012"]
[Source "ChessBase"]
[SourceDate "2011.11.24"]
[SourceVersion "1"]
[SourceVersionDate "2011.11.24"]
[SourceQuality "1"]

1. d4 d5 2. Nf3 Nf6 3. Bg5 e6 4. e3 Be7 5. Bd3 Nbd7 6. Nbd2 b6 7. 0-0 Bb7 8. Re1 Ne4 9. Bxe7 Qxe7 10. Nf1 Ndf6 11. Ne5 0-0 12. f3 Nd6 13. Ng3 a5 14. Qe2 Nd7 15. Rad1 Nxe5 16. dxe5 Ne8 17. c3 c6 18. Kh1 Nc7 19. f4 Ba6 20. Bxa6 Rxa6 21. e4 Ra7 22. Qg4 dxe4 23. Nxe4 Ne8 24. Re3 f5 25. exf6 Nxf6 26. Nxf6+ Rxf6 27. Rde1 Kf7 28. g3 Qc5 29. Re5 Qd6 30. Qh5+ Rg6 31. f5 Re7 32. fxg6+ hxg6 33. Qf3+ Kg8 34. Qe4 Kf7 35. Rg5 1-0

[Event "Ischia op"]
[Site "Ischia"]
[Date "2010.??.??"]
[Round "8"]
[White "Graziani, Sergio"]
[Black "Hamperl, Fred A"]
[Result "0-1"]
[WhiteElo "1915"]
[BlackElo "2080"]
[PlyCount "46"]
[EventDate "2010.02.??"]
[EventType "swiss"]
[EventRounds "9"]
[EventCountry "ITA"]
[SourceTitle "EXT 2012"]
[Source "ChessBase"]
[SourceDate "2011.11.24"]
[SourceVersion "1"]
[SourceVersionDate "2011.11.24"]
[SourceQuality "1"]

1. d4 Nf6 2. c4 c5 3. d5 e6 4. Nc3 exd5 5. cxd5 d6 6. Nf3 g6 7. Nd2 Nbd7 8. e4 Bg7 9. Be2 0-0 10. 0-0 Re8 11. f4 c4 12. Nxc4 Nxe4 13. Nxe4 Rxe4 14. Bd3 Re8 15. Qf3 Nc5 16. f5 Nxd3 17. fxg6 fxg6 18. Qxd3 Bf5 19. Qg3 Re4 20. Rf4 Bd4+ 21. Kf1 Qf6 22. Qf3 Rae8 23. Rxe4 Bxe4 0-1